000 00463nam a22001217a 4500
999 _c9814
_d9814
003 OSt
008 201203b ||||| |||| 00| 0 eng d
245 _aJIMS 8M : The Journal of Indian Management and Strategy
250 _a2012(Jan-Mar Vol.17 No.1, Apr-Jun Vol.17 No.2, Jul-Sep Vol.17 No.3, Oct-Dec Vol.17 No.4)
260 _bJagannath International Management School and Jagan institute of Management Studies
_aNew Delhi
650 _aManagement
942 _2ddc
_cBV